Aaron Eckhart Movies - Statistics

General Stats
  • This quiz has been taken 4 times
  • The average score is 7 of 15
Answer Stats
Release Year Costars Movie % Correct
2000 Julia Roberts Erin Brockovich
100%
2008 Christian Bale, Heath Ledger The Dark Knight
100%
2013 Morgan Freeman, Gerard Butler Olympus Has Fallen
75%
2016 Tom Hanks, Anna Gunn Sully
75%
1999 Al Pacino, Cameron Diaz Any Given Sunday
50%
2005 Maria Bello, Sam Elliott Thank You For Smoking
50%
2003 Hilary Swank, Stanley Tucci The Core
50%
2001 Jack Nicholson, Benicio del Toro The Pledge
50%
2011 Michelle Rodriguez, Michael Pena Battle Los Angeles
25%
2014 Bill Nighy, Jai Courtney I, Frankenstein
25%
2019 Giancarlo Esposito, Ben McKenzie Line of Duty
25%
2007 Jessica Alba, Elizabeth Banks Meet Bill
25%
2019 Woody Harrelson, Dennis Quaid Midway
25%
2003 Ben Affleck, Uma Thurman Paycheck
25%
2020 Tommy Lee Jones, Heather Graham Wander
25%
No matching quizzes found
Score Distribution
Percent of People with Each Score
Percentile by Number Answered
Your Score History
You have not taken this quiz